A casa dos penhascos (Registo nº 4005)

Detalhes MARC
000 -Etiqueta do registo
Cabeçalho 00772nam0a2200265 4500
005 - Identificador da versão
Campo de controlo 20240813122050.0
095 ## -
-- PTBN00350586
010 ## - Número internacional normalizado dos livros (ISBN)
Número (ISBN) 9722105655
021 ## - Número do Depósito Legal
Código do país PT
Número 43346/91
100 ## - Dados gerais de processamento
Dados gerais de processamento 20190527d1991 cd y0pory5003 ba
102 ## - Pais de publicação ou produção
País de publicação Portugal
101 0# - Língua de publicação
Língua do texto, banda sonora, etc. Português
215 ## - Descrição física 
Indicação específica da natureza do documento e extensão da espécie 86, [1] p.
Outras indicações físicas il
200 1# - Titulo e menção de responsabilidade
Título próprio A casa dos penhascos
Primeira menção de responsabilidade Ana Teresa Pereira
Outras menções de responsabilidade il. José Miguel Ribeiro
225 1# - Colecção 
Título próprio da colecção Labirinto
Indicação de volume 1
210 ## - Publicação, Distribuição, etc. 
Lugar da edição, distribuição, etc. Lisboa
Nome do editor, distribuidor, etc. Caminho
Data da publicação, distribuição, etc. cop. 1991
606 ## - Nome comum usado como assunto
Número de registo de entrada de autoridade 0001851
Palavra de ordem Literatura portuguesa
Subdivisão de assunto Romances de aventuras
Código do sistema CA
675 ## - Classificação Decimal Universal (CDU)
Notação 821.134.3-311.3
Edição 3ª ed.
Língua da edição por
702 #1 - Nome de autor-pessoa física (responsabilidade secundária)
Número de registo de entrada de autoridade 0000022
Palavra de ordem Ribeiro
Outra parte do nome não tomada para palavra de ordem José Miguel
Código de função Ilustrador / Técnico de desenho computorizado
700 #1 - Nome de autor-pessoa física (responsabilidade principal)
Número de registo de entrada de autoridade 0000479
Palavra de ordem Pereira
Outra parte do nome não tomada para palavra de ordem Ana Teresa
Datas 1958-
966 ## - Identificação da Biblioteca
Sigla EBVEN
942 ## - Elementos de entrada adicionados (Koha)
Tipo de item no Koha Livro
Exemplares
Situação do levantamento Origin of item (home branch) (coded) Biblioteca de empréstimo Código de barras Cota Circulation type (not for loan) Tipo de documento Nota do exemplar Damaged status
  Biblioteca Escolar das Vendas Biblioteca Escolar das Vendas BEV411 8POR PER   Livro Sem mensagem